000 00885cam a2200265 4500
001 ABS62757
008 000000n2000 000 0 eng u
035 _a(Sirsi) u108228
100 _aLevy, D.
245 _aEach one on its merits
260 _c2000
490 _aEstates Gazette
_v(0034) 26 August 2000, 79(1)
520 _aLooks at recent case law which shows that the courts are taking a more lenient stance concerning breaches of covenant.
590 _aABS
650 _aBREACHES OF COVENANT
650 _aMOUNT COOK LAND LTD V HARTLEY
650 _aSOUTHERN DEPOT CO LTD V BRITISH RAILWAYS BOARD
650 _aSHILOH SPINNERS LTD V HARDING
650 _aROPEMAKER PROPERTIES LTD V NOONHAVEN LTD
650 _aCROWN ESTATE COMMISSIONERS V SIGNET GROUP PLC
650 _aFORFEITURE
650 _aRELIEF
690 _aLANDLORD AND TENANT-LEASES
942 _n0
999 _c64640
_d64640